00586nam a2200181 i 450000100060000000300090000600500170001500700030003200800410003510000260007624500590010225000150016126000350017630000220021185200320023399900170026595201220028240904ES-MaACL20230906160333.0t|030307s1971 sp ||||1| spa d1 aCarol, José.93541610aConfesiones de un drogado b: novela / cJosé Carol. a[1ª ed.]. aBarcelona : bCorona, c[1971] a319 p. ; c20 cm. aES-MaACLjC-40108 bR.76196 c40904d40904 00104070aATENEOMbATENEOMcDEPO2d2008-01-17eSCl0oC-40108p1043059r2023-02-23 00:00:00w2023-02-23yMONOGRAFIA